书目信息 |
| 题名: |
1000款门
|
|
| 作者: | 许柏鸣 主编 | |
| 分册: | ||
| 出版信息: | 南京 江苏科学技术出版社 2004.02 |
|
| 页数: | 219页 | |
| 开本: | 26cm | |
| 丛书名: | ||
| 单 册: | ||
| 中图分类: | TU228-64 | |
| 科图分类: | ||
| 主题词: | 建筑构造--结构设计 | |
| 电子资源: | ||
| ISBN: | 7-5345-4038-0 | |
| 000 | 00549nam0 2200193 450 | |
| 001 | 0539991886 | |
| 005 | 20050617084539.20 | |
| 010 | @a7-5345-4038-0@dCNY 88.00 | |
| 100 | @a20050608d2004 km y0chiy0120 ea | |
| 101 | 0 | @achi |
| 102 | @aCN@b320000 | |
| 200 | 1 | @a1000款门@A1000 kuan men@f许柏鸣主编@Fxu bai ming zhu bian |
| 210 | @a南京@c江苏科学技术出版社@d2004.02 | |
| 215 | @a219页@d26cm | |
| 606 | 0 | @a建筑构造@x结构设计 |
| 690 | @aTU228-64@v4 | |
| 701 | 0 | @a许柏鸣@Axu bai ming@4主编 |
| 801 | 0 | @aCN@bPFT@c20050617 |
| 905 | @a10447@dTU228-64@eX854 | |
| 1000款门/许柏鸣主编.-南京:江苏科学技术出版社,2004.02 |
| 219页;26cm |
| ISBN 7-5345-4038-0:CNY 88.00 |
| ● |
| 相关链接 |
|
|
|
正题名:1000款门
索取号:TU228-64/X854
 
预约/预借
| 序号 | 登录号 | 条形码 | 馆藏地/架位号 | 状态 | 备注 |
| 1 | 536228 | 205362285 | 建筑库101/101建筑库 47排5列4层/ [索取号:TU228-64/X854] | 在馆 | |
| 2 | 536229 | 205362294 | 建筑库101/101建筑库 47排5列4层/ [索取号:TU228-64/X854] | 在馆 | |
| 3 | 536230 | 205362301 | 建筑库101/101建筑库 47排5列4层/ [索取号:TU228-64/X854] | 在馆 |